Sports Quiz

Random Sports or Basketball Quiz

NBA Playoffs Since 1980 Quiz Stats

 Plays Quiz Updated Jun 11, 2018

Challenge
Share
Tweet
Embed
Score 0/195 Timer 10:00
76 Plays Today
Hint Answer % Correct
NBA ChampionGolden State Warriors
98.6%
NBA ChampionGolden State Warriors
98.3%
NBA ChampionLos Angeles Lakers
98.2%
NBA ChampionLos Angeles Lakers
98.2%
NBA ChampionLos Angeles Lakers
98.2%
NBA ChampionLos Angeles Lakers
98.2%
NBA ChampionLos Angeles Lakers
98.2%
NBA ChampionLos Angeles Lakers
98.2%
NBA ChampionLos Angeles Lakers
98.2%
NBA ChampionLos Angeles Lakers
98.2%
NBA ChampionLos Angeles Lakers
98.2%
NBA ChampionGolden State Warriors
98%
Assists LeaderLeBron James
97.8%
Points LeaderLeBron James
97.8%
NBA Finals MVPLeBron James
97.8%
Points LeaderLeBron James
97.8%
Rebounds LeaderLeBron James
97.8%
NBA ChampionBoston Celtics
97.7%
NBA ChampionBoston Celtics
97.7%
NBA ChampionBoston Celtics
97.7%
NBA ChampionBoston Celtics
97.7%
NBA Finals MVPLeBron James
97.7%
Points LeaderLeBron James
97.7%
Assists LeaderLeBron James
97.7%
NBA ChampionCleveland Cavaliers
97.6%
Points LeaderLeBron James
97.5%
Rebounds LeaderLeBron James
97.5%
Assists LeaderLeBron James
97.5%
NBA Finals MVPLeBron James
97.5%
NBA ChampionMiami Heat
97.4%
Points LeaderLeBron James
97.4%
Assists LeaderLeBron James
97.4%
NBA ChampionMiami Heat
97.3%
NBA ChampionSan Antonio Spurs
96.9%
NBA ChampionSan Antonio Spurs
96.8%
NBA ChampionSan Antonio Spurs
96.8%
NBA ChampionSan Antonio Spurs
96.8%
NBA ChampionSan Antonio Spurs
96.8%
NBA ChampionMiami Heat
96.6%
NBA Finals MVPKevin Durant
96.5%
NBA ChampionChicago Bulls
96.3%
NBA ChampionChicago Bulls
96.3%
NBA ChampionChicago Bulls
96.3%
NBA ChampionChicago Bulls
96.3%
NBA ChampionChicago Bulls
96.3%
NBA ChampionChicago Bulls
96.3%
NBA Finals MVPKobe Bryant
95.9%
Points LeaderKobe Bryant
95.9%
Points LeaderKobe Bryant
95.9%
Points LeaderKobe Bryant
95.9%
NBA Finals MVPMichael Jordan
95.5%
NBA Finals MVPMichael Jordan
95.5%
NBA Finals MVPMichael Jordan
95.5%
NBA Finals MVPMichael Jordan
95.5%
NBA Finals MVPMichael Jordan
95.5%
NBA Finals MVPMichael Jordan
95.5%
Points LeaderMichael Jordan
95.5%
Points LeaderMichael Jordan
95.5%
Points LeaderMichael Jordan
95.5%
Points LeaderMichael Jordan
95.5%
Points LeaderMichael Jordan
95.5%
Points LeaderMichael Jordan
95.5%
Points LeaderMichael Jordan
95.5%
Points LeaderMichael Jordan
95.5%
NBA Finals MVPKevin Durant
95.4%
Hint Answer % Correct
NBA Finals MVPShaquille O'Neal
93.6%
NBA Finals MVPShaquille O'Neal
93.6%
NBA Finals MVPShaquille O'Neal
93.6%
Points LeaderShaquille O'Neal
93.6%
Points LeaderShaquille O'Neal
93.6%
Rebounds LeaderShaquille O'Neal
93.6%
Rebounds LeaderShaquille O'Neal
93.6%
Rebounds LeaderShaquille O'Neal
93.6%
NBA ChampionDetroit Pistons
93%
NBA ChampionDetroit Pistons
93%
NBA ChampionDetroit Pistons
93%
NBA Finals MVPTim Duncan
92.4%
NBA Finals MVPTim Duncan
92.4%
NBA Finals MVPTim Duncan
92.4%
Points LeaderTim Duncan
92.4%
Points LeaderTim Duncan
92.4%
Rebounds LeaderTim Duncan
92.4%
Rebounds LeaderTim Duncan
92.4%
Rebounds LeaderTim Duncan
92.4%
Rebounds LeaderTim Duncan
92.4%
Rebounds LeaderTim Duncan
92.1%
Points LeaderLebron James
90.5%
Assists LeaderLeBron James
90.5%
NBA Finals MVPDwyane Wade
90.3%
Points LeaderDwyane Wade
90.3%
NBA ChampionHouston Rockets
90.1%
NBA ChampionHouston Rockets
90.1%
NBA Finals MVPMagic Johnson
89.7%
NBA Finals MVPMagic Johnson
89.7%
NBA Finals MVPMagic Johnson
89.7%
Assists LeaderMagic Johnson
89.7%
Assists LeaderMagic Johnson
89.7%
Assists LeaderMagic Johnson
89.7%
Assists LeaderMagic Johnson
89.7%
Assists LeaderMagic Johnson
89.7%
Assists LeaderMagic Johnson
89.7%
Assists LeaderMagic Johnson
89.7%
Assists LeaderMagic Johnson
89.7%
Assists LeaderMagic Johnson
89.7%
NBA Finals MVPPaul Pierce
88.1%
NBA Finals MVPTony Parker
87.9%
Assists LeaderKevin Johnson
87.3%
Assists LeaderKevin Johnson
87.3%
Assists LeaderAvery Johnson
87.2%
NBA Finals MVPLarry Bird
86.5%
NBA Finals MVPLarry Bird
86.5%
Points LeaderLarry Bird
86.5%
Points LeaderLarry Bird
86.5%
Points LeaderLarry Bird
86.5%
Rebounds LeaderLarry Bird
86.5%
Rebounds LeaderLarry Bird
86.5%
NBA Finals MVPKawhi Leonard
85.7%
Points LeaderKevin Durant
82.3%
NBA Finals MVPAndre Iguodala
80.6%
NBA Finals MVPHakeem Olajuwon
80%
NBA Finals MVPHakeem Olajuwon
80%
Points LeaderHakeem Olajuwon
80%
Points LeaderHakeem Olajuwon
80%
Points LeaderHakeem Olajuwon
80%
Rebounds LeaderHakeem Olajuwon
80%
NBA ChampionPhiladelphia 76ers
79.3%
NBA ChampionLos Angeles Lakers
78.9%
NBA Finals MVPIsiah Thomas
77.7%
Rebounds LeaderDirk Nowitzki
77.6%
NBA Finals MVPKobe Bryant
76.8%
Hint Answer % Correct
Points LeaderKobe Bryant
76.8%
NBA Finals MVPChauncey Billups
76.7%
Assists LeaderChauncey Billups
76.7%
NBA Finals MVPKareem Abdul Jabbar
75.3%
Points LeaderKareem Abdul Jabbar
75.3%
Points LeaderKareem Abdul Jabbar
75.3%
Points LeaderKlay Thompson
73.8%
Rebounds LeaderKevin Garnett
73.5%
Rebounds LeaderKarl Malone
71.2%
NBA Finals MVPMoses Malone
71.1%
Points LeaderMoses Malone
71.1%
Rebounds LeaderMoses Malone
71.1%
Rebounds LeaderMoses Malone
71.1%
Rebounds LeaderDraymond Green
71.1%
Rebounds LeaderDennis Rodman
69%
Rebounds LeaderDennis Rodman
69%
Rebounds LeaderDennis Rodman
69%
Rebounds LeaderDennis Rodman
68.9%
NBA ChampionDallas Mavericks
68.3%
Assists LeaderRajon Rondo
66.1%
Rebounds LeaderDraymond Green
65.4%
Assists LeaderJohn Stockton
65%
Assists LeaderJohn Stockton
65%
Assists LeaderJohn Stockton
65%
Assists LeaderJohn Stockton
65%
Assists LeaderJohn Stockton
65%
NBA Finals MVPDirk Nowitzki
63.9%
Points LeaderDirk Nowitzki
63.9%
Assists LeaderRajon Rondo
63.5%
Points LeaderAllen Iverson
62.6%
Assists LeaderAllen Iverson
62.6%
Assists LeaderJason Kidd
62.5%
Assists LeaderJason Kidd
62.5%
Rebounds LeaderBen Wallace
62.1%
Assists LeaderSteve Nash
60.7%
Assists LeaderSteve Nash
60.7%
NBA Finals MVPJames Worthy
60.1%
Points LeaderJames Worthy
60.1%
Assists LeaderRajon Rondo
59.5%
Rebounds LeaderKevin Love
58.9%
NBA Finals MVPJoe Dumars
57.2%
Assists LeaderRussell Westbrook
55.6%
Rebounds LeaderDwight Howard
54.5%
Assists LeaderRajon Rondo
49.8%
Points LeaderJulius Erving
48.6%
Rebounds LeaderDwight Howard
47%
Rebounds LeaderPau Gasol
46.3%
Assists LeaderJason Kidd
46%
Assists LeaderChris Paul
45.9%
Rebounds LeaderCharles Barkley
44.5%
Rebounds LeaderRobert Parish
44.4%
Rebounds LeaderPatrick Ewing
43.3%
Rebounds LeaderDikembe Mutombo
31.9%
Rebounds LeaderHorace Grant
30.4%
Rebounds LeaderBill Laimbeer
30.1%
Rebounds LeaderBill Laimbeer
30.1%
Rebounds LeaderTyson Chandler
28.8%
Assists LeaderMark Jackson
28.1%
NBA Finals MVPCedric Maxwell
28.1%
Assists LeaderAnfernee Hardaway
27%
Rebounds LeaderCaldwell Jones
23.2%
Rebounds LeaderCaldwell Jones
23.2%
Points LeaderLatrell Sprewell
21.3%
Assists LeaderMaurice Cheeks
20.4%
Assists LeaderMaurice Cheeks
20.4%

You're not logged in!

Compare scores with friends on all Sporcle quizzes.
OR
Log In

You Might Also Like...

Show Comments

Extras

Top Quizzes Today


Score Distribution

Your Account Isn't Verified!

In order to create a playlist on Sporcle, you need to verify the email address you used during registration. Go to your Sporcle Settings to finish the process.

Report this User

Report this user for behavior that violates our Community Guidelines.

Details: